Statistics for Charlotte Hornets All-NBA Players

Click here to take the quiz!

General Stats

  • This quiz has been taken 15 times
  • The average score is 3 of 6

Answer Stats

Player % Correct
Kemba Walker
92%
Larry Johnson
92%
Glen Rice
77%
Eddie Jones
46%
Al Jefferson
23%
Anthony Mason
0%

Score Distribution

Percentile by Number Answered

Percent of People with Each Score

Your Score History

You have not taken this quiz